| 000 | 00839cab a2200253 4500 | ||
|---|---|---|---|
| 001 | ABS60271 | ||
| 008 | 090401t1999 xxu||||| |||| 00| 0 eng d | ||
| 035 | _a(Sirsi) u92159 | ||
| 041 | _aeng | ||
| 100 | _aHarris, G. | ||
| 245 | _aJCT 80: explaining amendment 18 | ||
| 260 | _c1999 | ||
| 350 | _a0 | ||
| 490 |
_aCSM (Chartered Surveyor Monthly) _v8(7) March 1999, 24-25(2) |
||
| 650 | _aMANAGEMENT-DISPUTE AVOIDANCE, MANAGEMENT AND RESOLUTION-DISPUTE MANAGEMENT AND RESOLUTION-ALTERNATIVE DISPUTE RESOLUTION-ADJUDICATION | ||
| 650 | _aCONTRACT ADMINISTRATION | ||
| 650 | _aINTERIM CERTIFICATES | ||
| 650 | _aJCT 1980 AMENDMENT 18 | ||
| 650 | _aJCT STANDARD FORM OF BUILDING CONTRACT (1980 EDITION) | ||
| 650 | _aLATHAM REFORMS | ||
| 690 | _aBUILT ENVIRONMENT-BUILDING CONTRACT FORMS | ||
| 942 | _n0 | ||
| 948 | _c17/03/1999 | ||
| 999 |
_c58431 _d58431 |
||